Statistics for Brands by Soccer (Football) Team

Click here to take the quiz!

General Stats

  • This quiz has been taken 105 times
    (53 since last reset)
  • The average score is 8 of 38

Answer Stats

Club TeamsNational TeamsBrand% Correct
Barcelona / PSG / RomaBrazil / NetherlandsNike
98%
Juventus / Real MadridArgentina / JapanAdidas
95%
Milan / PalmeirasItaly / UruguayPuma
86%
Everton / Werder BremenJamaica / ZimbabweUmbro
69%
Lille / Nantes / PortoCosta Rica / IrelandNew Balance
50%
Rosario Central / Southampton-Under Armour
45%
Monaco / NapoliFiji / TunisiaKappa
43%
Levante / Nice / PAOKBelarus / GuineaMacron
29%
Braga / Osasuna / RangersDenmark / LithuaniaHummel
26%
Dijon / Waitakere United-Lotto
26%
Fiorentina / Saint-ÉtienneCameroon / South AfricaLe Coq Sportif
19%
Vissel Kobe-Asics
17%
Viking FK / Bodø-Glimt-Diadora
17%
Bayer LeverkusenMoldova / Oman / SyriaJako
14%
Getafe / ToulouseHonduras / UkraineJoma
14%
Alavés / WatfordMaldives / NepalKelme
12%
Banfield / Beitar JerusalemMalta / VenezuelaGivova
10%
Belenenses / Gil VicenteAngola / Cape VerdeLacatoni
10%
Cesena / Tre Fiori-Mizuno
10%
Guarani-Topper
10%
Numancia / ParmaKuwait / RwandaErreà
7%
Livorno / NAC BredaGibraltar / MontenegroLegea
7%
The Strongest / UniversitarioEcuador / PeruMarathon
7%
Ceará / Santa Cruz-Penalty
7%
Bury FCAntigua and BarbudaAdmiral
5%
Las Vegas Lights-BLK
5%
Wycombe WanderersDR CongoO'Neills
5%
La Fiorita / Valenciennes-Acerbis
2%
-MaliAirness
2%
Crewe AlexandraCambodia / TongaFBT
2%
-Sri Lanka / VietnamGrand Sport
2%
Deportes Tolima / Waikato FC-Mitre
2%
Lanús-Peak
2%
Club León / Monarcas Morelia-Pirma
2%
Alanyaspor / Young AfricansIran / TanzaniaUhlsport
2%
Kashiwa Reysol-Yonex
2%
Once CaldasHaitiSaeta
0%
Boyacá ChicóDominican RepublicWalon
0%

Score Distribution

Percentile by Number Answered

Percent of People with Each Score

Your Score History

You have not taken this quiz since the last reset